Governança em logística pública no enfrentamento à Covid-19 : (Record no. 127)

MARC details
000 -LÍDER
Campo Fixo de Controle 00892cam a2200253 a 4500
001 - NÚMERO DE CONTROLE
Campo de Controle 127
003 - IDENTIFICAÇÃO DO NÚMERO DE CONTROLE
Campo de Controle BR-CuiBMT
005 - DATA E HORA DA ÚLTIMA ATUALIZAÇÃO
Campo de Controle 20231129040357.0
008 - DADOS FIXOS
Dados Fixos 230818s2020 mgba 000 0 por d
020 ## - INTERNATIONAL STANDARD BOOK NUMBER
Nº do ISBN 9786555180336
040 ## - AGÊNCIA CATALOGADORA
Código da Agência Catalogadora BR-CuiBMT
Agência que transcreveu o registro BR-CuiBMT
080 ## - Nº DA CLASSIFICAÇÃO DECIMAL UNIVERSAL
Nº edição CDU 2007
Nº Class. CDU 35.077.1:614
090 ## - NÚMERO DE CHAMADA
Nº classificação 35.077.1:614
Cutter F333g
100 1# - ENTRADA PRINCIPAL -- AUTOR PESSOAL
Nome pessoal Fenili, Renato Ribeiro
245 10 - TÍTULO PRINCIPAL
Título principal Governança em logística pública no enfrentamento à Covid-19 :
Subtítulo arcabouço legal em visão sistêmica e aplicada /
Indicação de responsabilidade Renato Ribeiro Fenili ; prefácio, J. U. Jacoby Fernandes.
260 ## - PUBLICAÇÃO, DISTRIBUIÇÃO, ETC.
Local de publicação Belo Horizonte :
Editora Fórum,
Data 2020.
300 ## - DESCRIÇÃO FÍSICA
N. páginas ou volumes 205 p. :
Ilustrações il. ;
Dimensões 22 cm
504 ## - NOTA DE BIBLIOGRAFIA, ETC.
Nota de bibliografia Inclui bibliografia.
650 ## - ASSUNTO TÓPICO
Cabeçalho tópico ou nome geográfico Direito administrativo
650 ## - ASSUNTO TÓPICO
Cabeçalho tópico ou nome geográfico Governança pública
Subdivisão geral Logística
650 ## - ASSUNTO TÓPICO
Cabeçalho tópico ou nome geográfico Administração pública
Subdivisão geral Contratos administrativos
650 ## - ASSUNTO TÓPICO
Cabeçalho tópico ou nome geográfico COVID-19, Pandemia de, 2020-
942 ## - ELEMENTOS DE ENTRADA ADICIONAIS (KOHA)
Fonte de classificação ou esquema de arquivamento Classificação Decimal Universal
Tipo de item do Koha Livros
Holdings
Estado: removido Estado: perdido Fonte de classificação ou esquema de arquivamento Estado: danificado Indisponível para empréstimo Localização permanente Localização atual Data de aquisição Total Checkouts Número de Chamada completo Código de barras Date last seen Número do exemplar Preço efetivo a partir de Tipo de item (Koha)
    Classificação Decimal Universal     Biblioteca da Escola Superior de Contas do TCE/MT Biblioteca da Escola Superior de Contas do TCE/MT 28/07/2023   35.077.1:614 F333g BIBTCEMT23080104 18/08/2023 Ex. 1 18/08/2023 Livros

Powered by Koha